Countries of South America - Statistics

General Stats
  • This quiz has been taken 10 times
  • The average score is 6 of 12
Answer Stats
QUESTION ANSWER % Correct
1 ARGENTINA
100%
2 BOLIVIA
100%
3 BRAZIL
83%
9 PERU
83%
4 CHILE
67%
5 COLUMBIA
67%
12 VENEZUELA
50%
6 ECUATOR
17%
7 GUIANA
17%
8 PARAGUAJ
0%
10 SURINAMES
0%
11 URUGWAY
0%
No matching quizzes found
Score Distribution
Percent of People with Each Score
Percentile by Number Answered
Your Score History
You have not taken this quiz